[Event "11th EUR-ch"]
[Site "Rijeka CRO"]
[Date "2010.03.12"]
[Round "7"]
[White "Arutinian, David"]
[Black "Naer, Evgeny"]
[Result "1/2-1/2"]
[WhiteElo "2576"]
[BlackElo "2665"]
[EventDate "2010.03.06"]
[PlyCount "53"]

1.c4 e5 2.Nc3 Nf6 3.Nf3 Nc6 4.a3 d5 5.cxd5 Nxd5 6.Qc2 Nxc3 7.bxc3 Bd6 8.d4
O-O 9.e3 Qe7 10.Be2 b6 11.Bb2 Bb7 12.O-O e4 13.Nd2 Na5 14.c4 c5 15.d5 Rae8
16.f4 exf3 17.Rxf3 Bc8 18.Bd3 Bg4 19.Rf2 Qxe3 20.Bxh7+ Kh8 21.Nf1 Qb3 22.
Qc1 Qxc4 23.Bxg7+ Kxg7 24.Qg5+ Kxh7 25.Qh4+ Kg8 26.Qg5+ Kh7 27.Qh4+ 
1/2-1/2

[Event "11th EUR-ch"]
[Site "Rijeka CRO"]
[Date "2010.03.12"]
[Round "7"]
[White "Berkes, Ferenc"]
[Black "Hera, Imre jr"]
[Result "1-0"]
[WhiteElo "2659"]
[BlackElo "2574"]
[EventDate "2010.03.06"]
[PlyCount "63"]

1.e4 c5 2.Nf3 Nc6 3.Bb5 Qb6 4.Nc3 e6 5.O-O a6 6.Bxc6 Qxc6 7.d4 cxd4 8.Nxd4
Qc7 9.Re1 d6 10.Bf4 e5 11.Nd5 Qb8 12.Bg3 Ne7 13.Nb6 Ra7 14.c4 Qc7 15.Qb3 
Nc6 16.Ne2 Be7 17.f3 a5 18.Bf2 Ra6 19.Nc3 O-O 20.Nb5 Qb8 21.Nd5 Bd8 22.
Red1 Ne7 23.Ndc3 Be6 24.Qa4 Nc8 25.b3 h5 26.Rd3 Bb6 27.Rad1 Bxf2+ 28.Kxf2 
Rd8 29.c5 Rc6 30.Qxa5 b6 31.cxb6 Rxb6 32.Na4 1-0

[Event "11th EUR-ch"]
[Site "Rijeka CRO"]
[Date "2010.03.12"]
[Round "7"]
[White "Kovacevic, Aleksandar"]
[Black "Laznicka, Viktor"]
[Result "1/2-1/2"]
[WhiteElo "2574"]
[BlackElo "2659"]
[EventDate "2010.03.06"]
[PlyCount "43"]

1.e4 e6 2.d4 d5 3.Nc3 dxe4 4.Nxe4 Nd7 5.Nf3 Ngf6 6.Nxf6+ Nxf6 7.c3 c5 8.
Be3 Qc7 9.Ne5 a6 10.Qa4+ Nd7 11.O-O-O cxd4 12.Nxd7 Bxd7 13.Qxd4 Bc6 14.Qg4
Rd8 15.Rxd8+ Qxd8 16.Bc4 h5 17.Qg3 Qd6 18.Qg5 Qd8 19.Qe5 Qd6 20.Qg5 Qd8 
21.Qe5 Qd6 22.Qg5 1/2-1/2

[Event "11th EUR-ch"]
[Site "Rijeka CRO"]
[Date "2010.03.12"]
[Round "7"]
[White "Mastrovasilis, Dimitrios"]
[Black "Roiz, Michael"]
[Result "1/2-1/2"]
[WhiteElo "2574"]
[BlackElo "2652"]
[EventDate "2010.03.06"]
[PlyCount "45"]

1.e4 c6 2.d4 d5 3.e5 Bf5 4.c4 e6 5.Nc3 Ne7 6.Nge2 Nd7 7.Ng3 Bg6 8.h4 h6 9.
h5 Bh7 10.cxd5 Nxd5 11.Nxd5 cxd5 12.Bd3 Bb4+ 13.Bd2 Bxd2+ 14.Qxd2 Bxd3 15.
Qxd3 Qa5+ 16.Qd2 Qa6 17.Ne2 Rc8 18.Rh3 O-O 19.Ra3 Qb6 20.Rb3 Qa6 21.Ra3 
Qb6 22.Rb3 Qa6 23.Ra3 1/2-1/2

[Event "11th EUR-ch"]
[Site "Rijeka CRO"]
[Date "2010.03.12"]
[Round "7"]
[White "Savchenko, Boris"]
[Black "Zhigalko, Andrei"]
[Result "1-0"]
[WhiteElo "2652"]
[BlackElo "2587"]
[EventDate "2010.03.06"]
[PlyCount "115"]

1.e4 c5 2.Nf3 d6 3.d4 cxd4 4.Nxd4 Nf6 5.Nc3 a6 6.Bg5 e6 7.f4 Be7 8.Qe2 h6 
9.Bxf6 Bxf6 10.O-O-O Nd7 11.h4 Qb6 12.Qd2 g5 13.g3 Bxd4 14.Qxd4 Qxd4 15.
Rxd4 gxf4 16.gxf4 Ke7 17.Be2 Rg8 18.Rhd1 Rg2 19.Rxd6 Rf2 20.f5 b5 21.a3 
Ne5 22.Rb6 Ra7 23.fxe6 fxe6 24.Rg1 Rc7 25.Rg7+ Rf7 26.Rxf7+ Kxf7 27.Rd6 
Ke7 28.Rd1 Ng6 29.Rf1 Bd7 30.Kd2 Rc8 31.Bh5 Ne5 32.Rg1 Kd6 33.Be2 Kc5 34.
Ke3 a5 35.Kf4 Nf7 36.e5 Bc6 37.Rg7 Rf8 38.Ne4+ Bxe4 39.Kxe4 b4 40.axb4+ 
axb4 41.Rh7 Nd8 42.Rxh6 Rf2 43.Bd3 Rh2 44.b3 Nc6 45.Bc4 Rxc2 46.Rxe6 Na5 
47.Bd5 Re2+ 48.Kd3 Rh2 49.Ra6 Rh3+ 50.Kc2 Kxd5 51.Rxa5+ Kd4 52.e6 Rh2+ 53.
Kd1 Rxh4 54.Rb5 Rh6 55.Rxb4+ Kd3 56.Kc1 Kc3 57.Rc4+ Kxb3 58.Re4 1-0

[Event "11th EUR-ch"]
[Site "Rijeka CRO"]
[Date "2010.03.12"]
[Round "7"]
[White "Stefansson, Hannes"]
[Black "Fridman, Daniel"]
[Result "1-0"]
[WhiteElo "2574"]
[BlackElo "2650"]
[EventDate "2010.03.06"]
[PlyCount "83"]

1.d4 d5 2.c4 c6 3.Nf3 Nf6 4.Nc3 dxc4 5.a4 e6 6.e4 Bb4 7.Qc2 b5 8.Be2 Bb7 
9.O-O a6 10.Bg5 h6 11.Bh4 Nbd7 12.e5 g5 13.Bg3 Nh5 14.b3 Nxg3 15.hxg3 cxb3
16.Qxb3 Be7 17.Ne4 O-O 18.Rfc1 Rc8 19.Nc5 Nxc5 20.dxc5 Qd5 21.Qe3 Rcd8 22.
g4 Kg7 23.Rc2 Qd7 24.Rd2 Qe8 25.Rd6 Bc8 26.Bd3 Rh8 27.Nd2 f5 28.gxf5 exf5 
29.Nb3 Bxd6 30.cxd6 Qf7 31.Nc5 Qd5 32.axb5 cxb5 33.Nxa6 Bb7 34.Bf1 Bxa6 
35.Rxa6 Rhe8 36.Ra7+ Kg6 37.Qb6 Qe6 38.Bxb5 Rf8 39.Re7 Qd5 40.d7+ Kh5 41.
Be2+ g4 42.Rg7 1-0

[Event "11th EUR-ch"]
[Site "Rijeka CRO"]
[Date "2010.03.12"]
[Round "7"]
[White "Ragger, Markus"]
[Black "Sutovsky, Emil"]
[Result "1/2-1/2"]
[WhiteElo "2572"]
[BlackElo "2650"]
[EventDate "2010.03.06"]
[PlyCount "67"]

1.d4 Nf6 2.c4 g6 3.Nc3 d5 4.cxd5 Nxd5 5.e4 Nxc3 6.bxc3 Bg7 7.Nf3 c5 8.Bb5+
Nc6 9.O-O cxd4 10.cxd4 O-O 11.Be3 Bg4 12.Bxc6 bxc6 13.Rc1 Qa5 14.h3 Bxf3 
15.Qxf3 Qxa2 16.Rxc6 a5 17.Rc7 a4 18.Rxe7 a3 19.e5 Qc4 20.Rc1 Qa4 21.e6 a2
22.exf7+ Kh8 23.Ra1 Qa3 24.Re8 Raxe8 25.fxe8=Q Rxe8 26.Qd5 Ra8 27.Bf4 Qa5 
28.Qe4 Rd8 29.Qe6 Ra8 30.Be5 Qb5 31.Kh2 Bxe5+ 32.dxe5 Qb2 33.Qf6+ Kg8 34.
Qe6+ 1/2-1/2

[Event "11th EUR-ch"]
[Site "Rijeka CRO"]
[Date "2010.03.12"]
[Round "7"]
[White "Evdokimov, Alexander"]
[Black "Gustafsson, Jan"]
[Result "1/2-1/2"]
[WhiteElo "2564"]
[BlackElo "2646"]
[EventDate "2010.03.06"]
[PlyCount "108"]

1.d4 d5 2.c4 c6 3.Nf3 Nf6 4.Nc3 e6 5.e3 Nbd7 6.Bd3 dxc4 7.Bxc4 b5 8.Bd3 a6
9.e4 c5 10.d5 Bb7 11.dxe6 fxe6 12.O-O c4 13.Bc2 Qc7 14.Nd4 Nc5 15.Be3 e5 
16.Nf5 g6 17.Bg5 Nfxe4 18.Nxe4 Nxe4 19.Bxe4 Bxe4 20.Bf6 gxf5 21.Bxh8 Bd6 
22.Bf6 Kf7 23.Bh4 Rg8 24.Bg3 f4 25.Re1 Bd3 26.Qf3 e4 27.Qh5+ Ke6 28.Rxe4+ 
Bxe4 29.Re1 Qg7 30.Rxe4+ Be5 31.h3 Kd6 32.Rxf4 Bxf4 33.Bxf4+ Ke6 34.Qe2+ 
Kf7 35.Qf3 Qf6 36.Qd5+ Qe6 37.Qh5+ Kf8 38.Qxh7 Qd5 39.g3 Ke8 40.h4 Rf8 41.
Qg6+ Kd7 42.Be3 Re8 43.Qg4+ Kc6 44.a3 a5 45.Qg6+ Re6 46.Qg8 Rxe3 47.Qa8+ 
Kd6 48.Qd8+ Kc5 49.Qf8+ Qd6 50.Qc8+ Kd5 51.Qa8+ Qc6 52.Qd8+ Qd6 53.Qa8+ 
Qc6 54.Qd8+ Qd6 1/2-1/2

[Event "11th EUR-ch"]
[Site "Rijeka CRO"]
[Date "2010.03.12"]
[Round "7"]
[White "Predojevic, Borki"]
[Black "Gajewski, Grzegorz"]
[Result "1/2-1/2"]
[WhiteElo "2639"]
[BlackElo "2567"]
[EventDate "2010.03.06"]
[PlyCount "37"]

1.e4 c5 2.Nf3 d6 3.d4 cxd4 4.Nxd4 Nf6 5.Nc3 a6 6.Be3 e5 7.Nf3 Be7 8.Bc4 
O-O 9.O-O Nc6 10.Re1 b5 11.Bb3 Rb8 12.Qe2 Na5 13.Bg5 Ng4 14.Bxe7 Qxe7 15.
Nd5 Qd8 16.Rad1 Nxb3 17.axb3 Bb7 18.h3 Nf6 19.Nxf6+ 1/2-1/2

[Event "11th EUR-ch"]
[Site "Rijeka CRO"]
[Date "2010.03.12"]
[Round "7"]
[White "Kobalia, Mikhail"]
[Black "Popov, Valery"]
[Result "0-1"]
[WhiteElo "2637"]
[BlackElo "2585"]
[EventDate "2010.03.06"]
[PlyCount "74"]

1.e4 c6 2.d4 d5 3.Nc3 dxe4 4.Nxe4 Bf5 5.Ng3 Bg6 6.h4 h6 7.Nf3 Nd7 8.h5 Bh7
9.Bd3 Bxd3 10.Qxd3 e6 11.Bd2 Ngf6 12.O-O-O Be7 13.Ne4 Nxe4 14.Qxe4 Nf6 15.
Qd3 O-O 16.g4 Qd5 17.g5 Qxa2 18.c3 hxg5 19.Bxg5 a5 20.h6 g6 21.Ne5 Kh7 22.
Rdg1 a4 23.Bxf6 a3 24.bxa3 Bxf6 25.Nxf7 Rg8 26.f4 Rxa3 27.Qc2 Qd5 28.Qb2 
Rb3 29.Qc2 b5 30.Rh5 Qc4 31.Rc5 Qa4 32.Kd2 b4 33.Ra1 Qxa1 34.Qxb3 Ra8 35.
cxb4 Ra3 36.Qxe6 Qxd4+ 37.Ke2 Qd3+ 0-1

[Event "11th EUR-ch"]
[Site "Rijeka CRO"]
[Date "2010.03.12"]
[Round "7"]
[White "Safarli, Eltaj"]
[Black "Sarbok, Torsten"]
[Result "1-0"]
[WhiteElo "2606"]
[BlackElo "2319"]
[EventDate "2010.03.06"]
[PlyCount "99"]

1.e4 c6 2.d4 d5 3.exd5 cxd5 4.c4 Nf6 5.Nc3 e6 6.Nf3 Bb4 7.cxd5 Nxd5 8.Bd2 
O-O 9.Bd3 Be7 10.O-O Nc6 11.a3 Nf6 12.Bg5 Nd5 13.Bd2 Nf6 14.Be3 Nd5 15.Qc2
h6 16.Rad1 Nxe3 17.fxe3 Qa5 18.Kh1 Bd7 19.e4 Rac8 20.e5 Nb8 21.Qe2 Bc6 22.
Bb1 Qa6 23.Qc2 g6 24.Qd2 Kg7 25.Qf4 Nd7 26.h4 Nb6 27.Nh2 Nd5 28.Nxd5 Bxd5 
29.Ng4 g5 30.Qe3 Rh8 31.Rf2 Rc7 32.Rdf1 Bd8 33.Nf6 Bc4 34.Re1 Kf8 35.Kg1 
gxh4 36.Qh3 Qa5 37.b4 Qa4 38.Bc2 Qb5 39.Qxh4 Bd3 40.Bxd3 Qxd3 41.d5 exd5 
42.e6 Re7 43.Kh1 Rxe6 44.Rxe6 fxe6 45.Ng4+ Ke8 46.Qh5+ Ke7 47.Rf7+ Kd6 48.
Qe5+ Kc6 49.Qxe6+ Kb5 50.Qd7+ 1-0

[Event "11th EUR-ch"]
[Site "Rijeka CRO"]
[Date "2010.03.12"]
[Round "7"]
[White "Bacrot, Etienne"]
[Black "Morchiashvili, Bachana"]
[Result "1/2-1/2"]
[WhiteElo "2714"]
[BlackElo "2345"]
[EventDate "2010.03.06"]
[PlyCount "110"]

1.d4 Nf6 2.Nf3 e6 3.c4 b6 4.g3 Ba6 5.Qa4 Bb7 6.Bg2 c5 7.dxc5 Bxc5 8.Nc3 
Ne4 9.Nxe4 Bxe4 10.O-O O-O 11.Bf4 Nc6 12.Rad1 Qe7 13.Ne1 Bxg2 14.Kxg2 Rfd8
15.e4 Rac8 16.Nf3 h6 17.h4 d6 18.a3 a5 19.Rd3 Qf6 20.Rb1 e5 21.Be3 Qg6 22.
Nd2 Bxe3 23.Rxe3 Nd4 24.Rbe1 Rf8 25.Nf3 f5 26.Nxd4 exd4 27.exf5 Qxf5 28.
R3e2 d3 29.Rd2 d5 30.cxd5 Qf3+ 31.Kg1 Qxd5 32.Qe4 Rfd8 33.Kg2 a4 34.Qf3 
Qxf3+ 35.Kxf3 Rc5 36.Re7 Kf8 37.Ra7 b5 38.Ke4 Rc6 39.f4 Re6+ 40.Kf3 h5 41.
Rc7 g6 42.Rc5 Rb6 43.Ke3 b4 44.Rxd3 Rxd3+ 45.Kxd3 bxa3 46.bxa3 Kf7 47.Rc4 
Rb3+ 48.Rc3 Rb6 49.Ke4 Kf6 50.Rc4 Rb3 51.Rxa4 Rxg3 52.Ra6+ Kg7 53.a4 Rh3 
54.Ra7+ Kf6 55.Ra6+ Kg7 1/2-1/2

[Event "11th EUR-ch"]
[Site "Rijeka CRO"]
[Date "2010.03.12"]
[Round "7"]
[White "Bologan, Viorel"]
[Black "Drazic, Sinisa"]
[Result "1-0"]
[WhiteElo "2684"]
[BlackElo "2545"]
[EventDate "2010.03.06"]
[PlyCount "75"]

1.e4 c6 2.d4 d5 3.e5 Bf5 4.Nf3 e6 5.Be2 Nd7 6.O-O h6 7.Nbd2 Ne7 8.Nb3 Nc8 
9.a4 Be7 10.a5 a6 11.Ne1 c5 12.c3 Na7 13.g4 Bh7 14.f4 Nc6 15.Be3 c4 16.Nd2
Nxa5 17.f5 Qb6 18.Ng2 O-O-O 19.Qa4 Nc6 20.b3 cxb3 21.Nxb3 Qc7 22.Qa2 Nb6 
23.Nd2 Bg5 24.Rab1 Bxe3+ 25.Nxe3 Nxe5 26.dxe5 Qxe5 27.Rf3 Rd6 28.Qa5 Nd7 
29.Bb5 Nb8 30.Ba4 f6 31.Qb4 b5 32.Ndc4 dxc4 33.Nxc4 Qe2 34.Nxd6+ Kc7 35.
Qc5+ Nc6 36.Rxb5 axb5 37.Nxb5+ Kb7 38.Nd6+ 1-0

[Event "11th EUR-ch"]
[Site "Rijeka CRO"]
[Date "2010.03.12"]
[Round "7"]
[White "Sargissian, Gabriel"]
[Black "Neverov, Valeriy"]
[Result "1/2-1/2"]
[WhiteElo "2675"]
[BlackElo "2542"]
[EventDate "2010.03.06"]
[PlyCount "44"]

1.d4 Nf6 2.c4 g6 3.Nc3 d5 4.Nf3 Bg7 5.Qb3 c6 6.cxd5 cxd5 7.Bf4 O-O 8.e3 
Nc6 9.Be2 Nh5 10.Be5 f6 11.Bg3 e6 12.O-O Nxg3 13.hxg3 f5 14.Bb5 Na5 15.Qa3
a6 16.Bd3 Nc6 17.Na4 g5 18.Qb3 g4 19.Nd2 b5 20.Nc5 Na5 21.Qc2 Ra7 22.a4 b4
1/2-1/2

[Event "11th EUR-ch"]
[Site "Rijeka CRO"]
[Date "2010.03.12"]
[Round "7"]
[White "Korobov, Anton"]
[Black "Narciso Dublan, Marc"]
[Result "1/2-1/2"]
[WhiteElo "2663"]
[BlackElo "2530"]
[EventDate "2010.03.06"]
[PlyCount "61"]

1.d4 Nf6 2.c4 e6 3.Nc3 d5 4.cxd5 exd5 5.Bg5 c6 6.e3 Be7 7.Bd3 Nbd7 8.Qc2 
Nh5 9.Bxe7 Qxe7 10.Nge2 g6 11.g4 Ng7 12.h3 Nb6 13.O-O-O Be6 14.Nf4 O-O-O 
15.Kb1 Kb8 16.f3 Bc8 17.Rhe1 g5 18.Ng2 h5 19.e4 dxe4 20.Bxe4 Qc7 21.Ne3 
Ne6 22.d5 cxd5 23.Nexd5 Nxd5 24.Nxd5 Qxc2+ 25.Kxc2 hxg4 26.hxg4 Nc5 27.Nf6
Rh2+ 28.Kc1 Rxd1+ 29.Rxd1 Nxe4 30.Nxe4 f5 31.Nxg5 1/2-1/2

[Event "11th EUR-ch"]
[Site "Rijeka CRO"]
[Date "2010.03.12"]
[Round "7"]
[White "Guliev, Namig"]
[Black "Meier, Georg"]
[Result "0-1"]
[WhiteElo "2516"]
[BlackElo "2663"]
[EventDate "2010.03.06"]
[PlyCount "92"]

1.e4 c5 2.Nf3 a6 3.c4 e6 4.Nc3 b6 5.Be2 Bb7 6.O-O d6 7.d4 cxd4 8.Qxd4 Nf6 
9.Be3 Nbd7 10.Nd2 Be7 11.b4 O-O 12.a3 Qc7 13.Rac1 Rfd8 14.f4 h6 15.Kh1 
Rac8 16.Qd3 Re8 17.Bf3 Qb8 18.Qe2 Bd8 19.Bf2 Bc7 20.Bg3 Nf8 21.e5 Bxf3 22.
Nxf3 Nh5 23.Ne4 Nxg3+ 24.Nxg3 dxe5 25.fxe5 Ng6 26.Rce1 Qb7 27.Qe3 Bb8 28.
Rc1 Red8 29.c5 bxc5 30.Rxc5 Rxc5 31.Qxc5 Rd5 32.Qc2 Nxe5 33.Nxe5 Bxe5 34.
Ne4 a5 35.Nc5 Qb5 36.Rb1 axb4 37.axb4 Rd4 38.Re1 Bd6 39.Ra1 Rxb4 40.Ne4 
Qe5 41.Ra8+ Bb8 42.g3 f5 43.Nc3 Kh7 44.Ra4 Rxa4 45.Nxa4 Qd5+ 46.Kg1 Ba7+ 
0-1

[Event "11th EUR-ch"]
[Site "Rijeka CRO"]
[Date "2010.03.12"]
[Round "7"]
[White "Gasanov, Eldar"]
[Black "Zhigalko, Sergei"]
[Result "1/2-1/2"]
[WhiteElo "2514"]
[BlackElo "2648"]
[EventDate "2010.03.06"]
[PlyCount "112"]

1.d4 d5 2.c4 e6 3.Nf3 c6 4.e3 Bd6 5.Bd3 f5 6.O-O Nf6 7.b3 Qe7 8.Bb2 O-O 9.
Nc3 Ne4 10.Ne2 Nd7 11.Rc1 b6 12.Ne5 Nxe5 13.dxe5 Bc5 14.Nf4 a5 15.Qe2 Bd7 
16.f3 Ng5 17.a4 Nf7 18.Bb1 dxc4 19.Rxc4 Bb4 20.Kh1 Rab8 21.Rcc1 g6 22.Rg1 
Nh6 23.h3 Rfd8 24.Rcd1 b5 25.g4 fxg4 26.hxg4 Nf7 27.g5 c5 28.axb5 Bxb5 29.
Rxd8+ Qxd8 30.Qg2 Qd7 31.Qh3 c4 32.Nh5 Be7 33.Nf6+ Bxf6 34.gxf6 Nh8 35.
bxc4 Bxc4 36.Ba3 Re8 37.Be7 Rxe7 38.fxe7 Qxe7 39.Qg4 Bd5 40.Kh2 Qc7 41.f4 
a4 42.Qe2 Qe7 43.e4 Bb3 44.Kg3 Nf7 45.Rc1 g5 46.f5 Nxe5 47.Rc8+ Kg7 48.Qd2
exf5 49.exf5 Nf7 50.Qd4+ Qe5+ 51.Qxe5+ Nxe5 52.Rc7+ Nf7 53.Rc6 Ne5 54.Rc7+
Nf7 55.Rc6 Ne5 56.Rc7+ Nf7 1/2-1/2

[Event "11th EUR-ch"]
[Site "Rijeka CRO"]
[Date "2010.03.12"]
[Round "7"]
[White "Landa, Konstantin"]
[Black "Szabo, Krisztian"]
[Result "1-0"]
[WhiteElo "2635"]
[BlackElo "2513"]
[EventDate "2010.03.06"]
[PlyCount "65"]

1.d4 d5 2.c4 c6 3.Nf3 Nf6 4.Qb3 dxc4 5.Qxc4 Bg4 6.Nc3 Nbd7 7.e4 Bxf3 8.
gxf3 e5 9.Be3 exd4 10.Bxd4 Bd6 11.O-O-O Qc7 12.Ne2 O-O 13.Qc2 c5 14.Be3 
Rfe8 15.Bg2 c4 16.Kb1 Rad8 17.f4 Ng4 18.e5 Bf8 19.Bd4 Nb6 20.h3 Nh6 21.Nc3
a6 22.Be4 Kh8 23.Rd2 Bc5 24.Bxc5 Qxc5 25.Bxb7 Rxd2 26.Qxd2 a5 27.Rd1 g6 
28.Be4 Kg8 29.f5 Nxf5 30.Bxf5 gxf5 31.Qg5+ Kh8 32.Qf6+ Kg8 33.e6 1-0

[Event "11th EUR-ch"]
[Site "Rijeka CRO"]
[Date "2010.03.12"]
[Round "7"]
[White "Jurcik, Marian"]
[Black "Papaioannou, Ioannis"]
[Result "0-1"]
[WhiteElo "2510"]
[BlackElo "2630"]
[EventDate "2010.03.06"]
[PlyCount "68"]

1.e4 c6 2.d4 d5 3.exd5 cxd5 4.Bd3 Nc6 5.c3 Qc7 6.Ne2 Bg4 7.f3 Bh5 8.Nf4 
Nf6 9.Nxh5 Nxh5 10.O-O e6 11.f4 g6 12.Be3 Bd6 13.Qf3 f5 14.Nd2 O-O 15.Rac1
Kh8 16.a3 Qg7 17.Nb3 Rae8 18.Bb5 Nf6 19.Nc5 Ne4 20.Nxe4 fxe4 21.Qg4 a6 22.
Bxc6 bxc6 23.c4 Qb7 24.Rf2 a5 25.Rc3 Rf5 26.cxd5 cxd5 27.g3 g5 28.b3 gxf4 
29.Bxf4 Bxf4 30.Rxf4 Rg8 31.Qh4 Qf7 32.Rxf5 Qxf5 33.b4 e3 34.Rxe3 Rf8 0-1

[Event "11th EUR-ch"]
[Site "Rijeka CRO"]
[Date "2010.03.12"]
[Round "7"]
[White "Kokarev, Dmitry"]
[Black "Berczes, David"]
[Result "1/2-1/2"]
[WhiteElo "2622"]
[BlackElo "2510"]
[EventDate "2010.03.06"]
[PlyCount "52"]

1.e4 c6 2.d4 d5 3.Nc3 dxe4 4.Nxe4 Nd7 5.Ng5 Ngf6 6.Bd3 e6 7.N1f3 Bd6 8.Qe2
h6 9.Ne4 Nxe4 10.Qxe4 Qc7 11.Qg4 Kf8 12.O-O b6 13.b3 Bb7 14.Bb2 Nf6 15.Qh3
Nd5 16.g3 c5 17.dxc5 Bxc5 18.Ne5 Nf6 19.Qh4 Rd8 20.Qf4 Kg8 21.b4 Bd6 22.a3
h5 23.Qg5 Be7 24.Qf4 Bd6 25.Qg5 Be7 26.Qf4 Bd6 1/2-1/2

[Event "11th EUR-ch"]
[Site "Rijeka CRO"]
[Date "2010.03.12"]
[Round "7"]
[White "Nanu, Ciprian-Costica"]
[Black "Azarov, Sergei"]
[Result "1/2-1/2"]
[WhiteElo "2505"]
[BlackElo "2621"]
[EventDate "2010.03.06"]
[PlyCount "61"]

1.Nf3 Nf6 2.c4 b6 3.d4 e6 4.e3 Bb7 5.Bd3 d5 6.O-O Bd6 7.Nc3 O-O 8.Qe2 Ne4 
9.Rd1 Nd7 10.Bd2 a6 11.Be1 Qe7 12.a3 Nxc3 13.Bxc3 dxc4 14.Bxc4 e5 15.dxe5 
Nxe5 16.Bd5 Bxd5 17.Rxd5 Nxf3+ 18.Qxf3 Qe6 19.Rad1 Rae8 20.h4 a5 21.h5 h6 
22.Bd4 Rb8 23.Bc3 Rbe8 24.Rxd6 cxd6 25.Qg3 f6 26.Rxd6 Qf5 27.Rxb6 Qxh5 28.
Rxf6 Qd1+ 29.Kh2 Qh5+ 30.Kg1 Qd1+ 31.Kh2 1/2-1/2

[Event "11th EUR-ch"]
[Site "Rijeka CRO"]
[Date "2010.03.12"]
[Round "7"]
[White "Gelashvili, Tamaz"]
[Black "Horvath, Adam"]
[Result "1/2-1/2"]
[WhiteElo "2621"]
[BlackElo "2501"]
[EventDate "2010.03.06"]
[PlyCount "218"]

1.d4 Nf6 2.Nf3 e6 3.c4 d5 4.g3 Be7 5.Bg2 O-O 6.O-O c6 7.Nc3 Nbd7 8.Bf4 b6 
9.Rc1 Bb7 10.cxd5 cxd5 11.Nb5 Ne8 12.Qd3 a6 13.Nc7 Ra7 14.Nxe8 Rxe8 15.Rc2
a5 16.Rfc1 Ba6 17.Qe3 Qa8 18.h4 a4 19.Ne5 Nxe5 20.Bxe5 Rc8 21.Rxc8+ Bxc8 
22.Qf4 Bd7 23.e4 dxe4 24.Bxe4 Qe8 25.Bc7 Ra5 26.Bxb6 Rb5 27.Bc5 Bf6 28.Rc2
e5 29.Qe3 exd4 30.Bxd4 Rb4 31.Rd2 h6 32.a3 Bxd4 33.Rxd4 Rxb2 34.Qc3 Rb8 
35.Qc7 Be6 36.Rxa4 Rc8 37.Qa7 Qb5 38.Qd4 Qe2 39.Rb4 Qe1+ 40.Kh2 f5 41.Rb7 
Qc3 42.Qd6 fxe4 43.Qxe6+ Kh8 44.Rf7 Rg8 45.Qe7 e3 46.fxe3 Qc2+ 47.Kh3 Qc8+
48.Kg2 Re8 49.Qb4 Qc2+ 50.Rf2 Qc6+ 51.Kh2 Rxe3 52.Qf8+ Kh7 53.Qf5+ Kh8 54.
Rc2 Rc3 55.Rxc3 Qxc3 56.a4 Qd2+ 57.Kh3 Qd1 58.Qe4 Qf1+ 59.Kh2 Qf2+ 60.Qg2 
Qa7 61.Qc2 Qa5 62.Qe4 h5 63.Kh3 Qc5 64.Qa8+ Kh7 65.a5 Qf5+ 66.Kh2 Qe6 67.
Qg2 Qc4 68.Qd2 Kh8 69.Qf2 Kh7 70.Qf5+ g6 71.Qd7+ Kh6 72.Qd2+ Kh7 73.Qf2 
Kg8 74.Qd2 Kh7 75.Kg2 Qe4+ 76.Kg1 Qc4 77.Qd7+ Kh6 78.Qd8 Qc1+ 79.Kf2 Qc2+ 
80.Ke3 Qc3+ 81.Ke2 Qe5+ 82.Kd2 Qb2+ 83.Kd3 Qb3+ 84.Ke4 Qc4+ 85.Qd4 Qe6+ 
86.Kd3 Qb3+ 87.Qc3 Qd5+ 88.Ke3 Qe6+ 89.Kd3 Qd6+ 90.Kc4 Qe6+ 91.Kb5 Qd5+ 
92.Qc5 Qb7+ 93.Kc4 Qe4+ 94.Kc3 Qf3+ 95.Kd4 Qf2+ 96.Kc4 Qe2+ 97.Kd5 Qd3+ 
98.Ke6 Qe4+ 99.Qe5 Qc6+ 100.Kf7 Qd7+ 101.Qe7 Qd5+ 102.Kf8 Qa8+ 103.Qe8 Qa7
104.Qe5 Qa8+ 105.Kf7 Qb7+ 106.Ke6 Qc6+ 107.Qd6 Qe4+ 108.Kf7 Qf5+ 109.Kg8 
Qe6+ 1/2-1/2

[Event "11th EUR-ch"]
[Site "Rijeka CRO"]
[Date "2010.03.12"]
[Round "7"]
[White "Petrosian, Tigran L."]
[Black "Makarov, Marat"]
[Result "1/2-1/2"]
[WhiteElo "2612"]
[BlackElo "2510"]
[EventDate "2010.03.06"]
[PlyCount "125"]

1.e4 c5 2.Nf3 d6 3.d4 cxd4 4.Nxd4 Nf6 5.Nc3 a6 6.Be3 e5 7.Nf3 Be7 8.Bc4 
O-O 9.O-O Nc6 10.Bg5 Be6 11.Bb3 Nd7 12.Bxe7 Qxe7 13.Nd5 Qd8 14.Qe2 Nc5 15.
Rad1 Nxb3 16.axb3 f5 17.exf5 Bxf5 18.Ne3 Bg6 19.Qc4+ Kh8 20.Qg4 Qe8 21.
Rxd6 Bh5 22.Qd7 Bxf3 23.Qxe8 Raxe8 24.gxf3 Nd4 25.Kg2 Nxf3 26.Rfd1 Nd4 27.
b4 Kg8 28.c3 Nf5 29.Nxf5 Rxf5 30.Rd7 Rf7 31.R1d6 e4 32.Kf1 Rf5 33.Rd8 Rxd8
34.Rxd8+ Kf7 35.Ke2 Ke6 36.Re8+ Kd6 37.Rxe4 Rh5 38.Rd4+ Ke6 39.Rd8 Rxh2 
40.Rb8 b5 41.Rb6+ Kd5 42.Rxa6 Kc4 43.Ra7 g6 44.Rb7 Rh1 45.Kd2 Rh2 46.Ke3 
Rh5 47.Rd7 Kb3 48.Rd2 Rf5 49.Ke4 Rf7 50.f4 Re7+ 51.Kf3 Rf7 52.Rg2 Re7 53.
Rh2 Ka2 54.Kg4 Rf7 55.Re2 Kb3 56.Rg2 Ka2 57.Kf3 Re7 58.Rg5 Kxb2 59.Rxb5 
Kxc3 60.Re5 Rb7 61.b5 Kc4 62.Kg4 Rxb5 63.Rxb5 1/2-1/2

[Event "11th EUR-ch"]
[Site "Rijeka CRO"]
[Date "2010.03.12"]
[Round "7"]
[White "Sulashvili, Malkhaz"]
[Black "Volkov, Sergei"]
[Result "1/2-1/2"]
[WhiteElo "2490"]
[BlackElo "2612"]
[EventDate "2010.03.06"]
[PlyCount "38"]

1.d4 d5 2.Nf3 Nf6 3.c4 c6 4.e3 Bf5 5.Bd3 Bg6 6.b3 e6 7.O-O Nbd7 8.Bb2 Ne4 
9.Qc2 Bd6 10.Nbd2 Nxd2 11.Nxd2 Nf6 12.h3 Qe7 13.e4 dxe4 14.Nxe4 Nxe4 15.
Bxe4 O-O 16.Bxg6 hxg6 17.Rfe1 Rfd8 18.Re3 Bf4 19.Rf3 g5 1/2-1/2

[Event "11th EUR-ch"]
[Site "Rijeka CRO"]
[Date "2010.03.12"]
[Round "7"]
[White "Nigalidze, Gaioz"]
[Black "Pelletier, Yannick"]
[Result "1/2-1/2"]
[WhiteElo "2486"]
[BlackElo "2611"]
[EventDate "2010.03.06"]
[PlyCount "49"]

1.Nf3 Nf6 2.c4 e6 3.Nc3 d5 4.d4 c6 5.cxd5 exd5 6.Bg5 h6 7.Bh4 Bf5 8.e3 
Nbd7 9.Bd3 Bxd3 10.Qxd3 Bd6 11.O-O O-O 12.Rab1 a5 13.Rfe1 Qb8 14.Bxf6 Nxf6
15.g3 Re8 16.Nd2 Qa7 17.Kg2 Rad8 18.Re2 Bf8 19.Rc1 a4 20.a3 Re6 21.Qc2 Ra8
22.Nf3 Bd6 23.Nd2 Bf8 24.Nf3 Bd6 25.Nd2 1/2-1/2

[Event "11th EUR-ch"]
[Site "Rijeka CRO"]
[Date "2010.03.12"]
[Round "7"]
[White "Stevic, Hrvoje"]
[Black "Hovhannisyan, Robert"]
[Result "0-1"]
[WhiteElo "2610"]
[BlackElo "2498"]
[EventDate "2010.03.06"]
[PlyCount "92"]

1.e4 e5 2.Nf3 Nf6 3.Nxe5 d6 4.Nf3 Nxe4 5.Bd3 Nf6 6.O-O Be7 7.h3 O-O 8.c3 
c5 9.Bc2 Nc6 10.d4 Be6 11.Bg5 Bd5 12.Re1 h6 13.Bh4 Bxf3 14.Qxf3 cxd4 15.
Qd3 g5 16.Bg3 d5 17.Be5 Nxe5 18.Rxe5 Bd6 19.cxd4 Bxe5 20.dxe5 Re8 21.exf6 
Re1+ 22.Kh2 Qxf6 23.Qf5 Qxf5 24.Bxf5 Rae8 25.Bd3 Rd1 26.Bc2 Rc1 27.Bd3 h5 
28.Kg3 h4+ 29.Kf3 Re6 30.a4 Rf6+ 31.Ke3 Re1+ 32.Kd2 Rg1 33.f3 Rxg2+ 34.Ke3
Rf4 35.Be2 Rg1 36.Kd2 Rf6 37.Bd1 Rg2+ 38.Kd3 Rg3 39.Nc3 Rxh3 40.Be2 g4 41.
Nxd5 Rd6 42.Kc4 Rh2 43.Bd3 g3 44.Ne7+ Kf8 45.Nf5 g2 46.Rg1 Rg6 0-1

[Event "11th EUR-ch"]
[Site "Rijeka CRO"]
[Date "2010.03.12"]
[Round "7"]
[White "Mrva, Martin"]
[Black "Guseinov, Gadir"]
[Result "1-0"]
[WhiteElo "2485"]
[BlackElo "2609"]
[EventDate "2010.03.06"]
[PlyCount "76"]

1.Nf3 g6 2.d4 Bg7 3.c4 d6 4.Nc3 Nf6 5.e4 O-O 6.Be2 c5 7.d5 e6 8.O-O exd5 
9.exd5 Bg4 10.Bg5 Nbd7 11.h3 Bxf3 12.Bxf3 Qb6 13.Qc2 Rfe8 14.a4 a6 15.Be2 
Re7 16.a5 Qc7 17.f4 h6 18.Bh4 b6 19.Bd3 b5 20.Kh2 b4 21.Nd1 Ree8 22.Nf2 b3
23.Qd2 Qb7 24.f5 g5 25.Bg3 Ne5 26.Be2 Qd7 27.Nh1 Ne4 28.Qd1 Qe7 29.Be1 Nd7
30.Ra3 Qe5+ 31.Ng3 Qxb2 32.Rxb3 Qa2 33.f6 Bxf6 34.Bd3 Nd2 35.Rb7 Re3 36.
Bb1 Nxb1 37.Rxd7 Qe2 38.Bf2 Nc3 1-0

[Event "11th EUR-ch"]
[Site "Rijeka CRO"]
[Date "2010.03.12"]
[Round "7"]
[White "Alexandrov, Alexei"]
[Black "Ekstrom, Roland"]
[Result "1/2-1/2"]
[WhiteElo "2601"]
[BlackElo "2491"]
[EventDate "2010.03.06"]
[PlyCount "133"]

1.d4 Nf6 2.c4 g6 3.Nc3 Bg7 4.e4 d6 5.h3 O-O 6.Be3 Na6 7.Bd3 e5 8.d5 Nd7 9.
g4 Ndc5 10.Bc2 f5 11.a3 Nxe4 12.Nxe4 fxe4 13.b4 Nb8 14.Ne2 Qh4 15.Qc1 Bxg4
16.Ng3 Bf3 17.Bg5 Qxg3 18.fxg3 Bxh1 19.Qe3 Bg2 20.O-O-O a5 21.b5 Nd7 22.
Rg1 Bxh3 23.Bxe4 Nc5 24.Bf3 Bf5 25.Be2 Rf7 26.g4 Be4 27.Rf1 Rxf1+ 28.Bxf1 
Rf8 29.Be2 b6 30.Kd1 Rf7 31.Qh3 Nd3 32.Qe3 Nc5 33.Qh3 Bf6 34.Qh4 Bxg5 35.
Qxg5 Bd3 36.Qd8+ Kg7 37.Kd2 Rd7 38.Qe8 Bxe2 39.Kxe2 Rf7 40.Ke3 Nd7 41.g5 
Nc5 42.Qd8 Nb3 43.Kd3 h6 44.gxh6+ Kxh6 45.Qh8+ Kg5 46.Qd8+ Kf5 47.Qh4 g5 
48.Qh5 Nc5+ 49.Ke3 Kf6 50.Qh6+ Kf5 51.Kf3 e4+ 52.Kg3 Ke5 53.Qh8+ Kf5 54.
Qh6 Ke5 55.Qh8+ Kf5 56.Qh6 a4 57.Qh5 Re7 58.Qh8 Rd7 59.Qf8+ Ke5 60.Qh8+ 
Kf5 61.Qe8 Kf6 62.Kg4 Re7 63.Qf8+ Rf7 64.Qd8+ Re7 65.Qf8+ Rf7 66.Qd8+ Re7 
67.Qf8+ 1/2-1/2

[Event "11th EUR-ch"]
[Site "Rijeka CRO"]
[Date "2010.03.12"]
[Round "7"]
[White "Erdos, Viktor"]
[Black "Levin, Evgeny"]
[Result "1/2-1/2"]
[WhiteElo "2593"]
[BlackElo "2486"]
[EventDate "2010.03.06"]
[PlyCount "53"]

1.d4 Nf6 2.c4 g6 3.Nc3 Bg7 4.e4 d6 5.Bg5 O-O 6.Qd2 c5 7.d5 e6 8.Bd3 a6 9.
Nge2 exd5 10.exd5 Nbd7 11.b3 b5 12.cxb5 Ne5 13.O-O Nxd3 14.Qxd3 axb5 15.
Nxb5 Bf5 16.Qc4 Qb6 17.Nec3 Rfe8 18.Rae1 Ng4 19.Bf4 Ne5 20.Bxe5 Rxe5 21.
Rxe5 Bxe5 22.Re1 Bd7 23.a4 Rb8 24.h4 h5 25.Re3 Qa5 26.g3 Qb6 27.Kg2 
1/2-1/2